| 000 | 01101nam a22001937a 4500 | ||
|---|---|---|---|
| 003 | JO-AjAnu | ||
| 005 | 20260420062205.0 | ||
| 008 | 260420b jo ||||| |||| 00| 0 ara d | ||
| 040 |
_aANU _cJO-AjAnu |
||
| 041 | _hARA | ||
| 100 |
_aالعزام، روابي محمد حسين _eمعد _966956 |
||
| 245 |
_aالمسؤولية المدنية لمقدمي خدمات الدفع الالكتروني في التجارة الرقمية = The Civil liability of Electronic Payment Service Providers in Digital Commerce _c / روابي محمد حسين العزام؛ اشراف احمد عبدالكريم موسى الصرايرة |
||
| 260 |
_aعجلون: _bجامعة عجلون الوطنية؛ _c2026 |
||
| 300 | _a94 ورقة | ||
| 500 | _aرسالة جامعية (رسالة ماجستير في القانون - كلية الحقوق) جامعة عجلون الوطنية؛ 2026 | ||
| 650 | _vالمعاملات الالكترونية-قوانين وتشريعات | ||
| 700 |
_aالصرايرة، أحمد عبدالكريم موسى الصرايرة _eمشرف _966498 |
||
| 942 |
_2lcc _cTHS _n0 |
||
| 999 |
_c34182 _d34182 |
||